000 00284nam a22001337a 4500
008 180926b xxu||||| |||| 00| 0 eng d
020 _a9780976017103
041 _aeng
080 _a616.8
100 _a7
101 _aTRU
245 _aBrain Tumors
_cZelzter,P.M
942 _2udc
_cBK
999 _c48476
_d48476